00673nam a2200229 a 4500001001300000003000900013005001700022008004100039020002300080082001700103100001800120245003000138260003300168300000900201500003500210650003000245700001800275902000800293942000700301952011800308999001700426nice12345678IN_TiNIC20260116013159.0070625s1986 newa grp 000 0 eng  a0883446855 c60000a230.046bCON aCone, James H aBlack Theology Liberation aNew YorkbOrbis Books c1986 a214p aincludes index and biblioraphy aLiberation Theology-Black1 aCone, James H bSRS cBK 001040708StackRoom-aHMIbHMId2007-06-25g600.00l0o230.046 CONp016551r2007-06-25v600.00w2007-06-25yBK c10006d10006